Statistiques concernant Pays frontières de la Biélorussie :

Cliquez ici pour prendre le quiz!

Statistiques générales

  • Ce quiz a été pris 91 fois
  • Le résultat moyen est 5 sur 5

Statistiques - réponses

HintRéponse% Correct
4 :Russie
100%
5 :Ukraine
100%
3 :Pologne
95%
2 :Lituanie
94%
1 :Lettonie
84%

Distribution des résultats

Percentile par nombre de réponses

% des personnes avec chaque résultat

Votre développement - résultats

Vous n’avez pas pris ce quiz